| 000 | 01555nam a2200397 c 4500 | ||
|---|---|---|---|
| 999 |
_c469682 _d469682 |
||
| 003 | BLK | ||
| 005 | 20220808130626.0 | ||
| 008 | 180409b bul|||||r ||||||| ||bul|| | ||
| 040 | _aBLK | ||
| 041 |
_aRUS _cRUS |
||
| 080 |
_aПсихология _b159.9 _z159.9 |
||
| 100 | 1 |
_aДжеймс, Уильям _eпърви автор _9325526 |
|
| 139 |
_aДжеймс, Уильям _bД 50 |
||
| 245 | 1 | 0 |
_aПсихология _b(Text book of psychology) _cУильям Джеймс; пер. с англ. И .И. Лапшина |
| 250 | _a2. изд. | ||
| 260 |
_c1898 _fСанкт-Петербург : тип. В. Безобразова и Ко _aСанкт-Петербург |
||
| 300 |
_aVIII, 412 с., 23 с. _bс ил. _c24 см |
||
| 380 | _a1 | ||
| 490 |
_9435080 _aКолекция Редки и ценни издания |
||
| 650 | 4 |
_aПсихология - философски проблеми _9255619 |
|
| 653 | _aпсихология | ||
| 653 | _aчувства | ||
| 653 | _aзрение | ||
| 653 | _aпамет | ||
| 653 | _aвнимание | ||
| 653 | _aпонятия | ||
| 653 | _aвисша нервна дейност | ||
| 700 | 1 |
_aЛапшин, Иван Иванович _eпрев. от англ. _9325528 |
|
| 852 |
_aРр 898 _bРц |
||
| 856 | 4 | _qpdf | |
| 856 | 4 | _qpdf | |
| 942 |
_cKNG _n0 _s1 |
||
| 944 |
_aCR _c2022-08-08 _kнр |
||